Sustainable refurbishment of the BRE Victorian terrace (Record no. 115099)

MARC details
000 -LEADER
fixed length control field 01314cam a22002295a 4500
001 - CONTROL NUMBER
control field L158044
008 - FIXED-LENGTH DATA ELEMENTS--GENERAL INFORMATION
fixed length control field 120130s2013 xxko f 000 0 eng d
020 ## - INTERNATIONAL STANDARD BOOK NUMBER
International Standard Book Number 9781848063525
035 ## - SYSTEM CONTROL NUMBER
System control number (Sirsi) u158044
041 0# - LANGUAGE CODE
Language code of text/sound track or separate title eng
100 1# - MAIN ENTRY--PERSONAL NAME
Personal name Ferguson, Alan
245 00 - TITLE STATEMENT
Title Sustainable refurbishment of the BRE Victorian terrace
Remainder of title part 3 Lessons learned
260 ## - PUBLICATION, DISTRIBUTION, ETC.
Place of publication, distribution, etc. Watford
Name of publisher, distributor, etc. BRE
Date of publication, distribution, etc. 2013
300 ## - PHYSICAL DESCRIPTION
Extent 16p.
Other physical details ill.
Dimensions 30cm.
490 #0 - SERIES STATEMENT
Series statement BRE Information Paper
Volume/sequential designation (12/11 Part 3)
520 ## - SUMMARY, ETC.
Summary, etc. Looks at the various processes associated with the refurbishment of the BRE Victorian Terrace. The Victorian Terrace is a demonstration project converting a disused Victorian stable block into a number of energy-efficient spaces, including a terraced house, two flats and a presentation room, using some of the latest processes and materials for refurbishing existing buildings. Starting from the point where the specification was finalised, the design philosophy is set out in Part 1, Part 2 looks at the main construction process in 2010, during which the various products specified were installed and part 3 provides insight into refurbishment techniques and products, and how they perform in practice.
521 ## - TARGET AUDIENCE NOTE
Target audience note Advanced
590 ## - LOCAL NOTE (RLIN)
Local note KA
651 #4 - SUBJECT ADDED ENTRY--GEOGRAPHIC NAME
Geographic name United Kingdom
Chronological subdivision
690 ## - LOCAL SUBJECT ADDED ENTRY--TOPICAL TERM (OCLC, RLIN)
Topical term or geographic name as entry element Refurbishment
9 (RLIN) 6264
942 ## - ADDED ENTRY ELEMENTS (KOHA)
Suppress in OPAC 0
Holdings
Withdrawn status Lost status Source of classification or shelving scheme Damaged status Not for loan Home library Current library Shelving location Date acquired Total Checkouts Full call number Barcode Date last seen Copy number Price effective from Koha item type
    Dewey Decimal Classification     London London BRE publications 19/02/2014   BRE 30075116 06/08/2019 1 06/08/2019 Book